Fluórované chinolóny - ich príprava, antibakteriálne a antivirotické vlastnosti s potenciálnym použitím v kozmetike alebo potravinárstve

Gespeichert in:
Bibliographische Detailangaben
1. Verfasser: Hajduová, Dana (Verfasst von)
Weitere Verfasser: Milata, Viktor (Betreuung Doktorarbeit)
Format: Manuskript Buch
Sprache:Slowakisch
Veröffentlicht: 2023
Schlagworte:
Online-Zugang:http://is.stuba.sk/zp/portal_zp.pl?podrobnosti=162601
Tags: Tag hinzufügen
Keine Tags, Fügen Sie das erste Tag hinzu!

MARC

LEADER 00000ntm a22000003a 4500
001 stuzp94454
003 SK-STU
005 20230909222147.8
007 ta
008 150427s2015----xo-----f-mn---000-0-slo-d
040 |a STU  |b slo 
041 0 |a slo 
100 1 |a Hajduová, Dana  |u 048140  |4 aut  |U FCHPT Ústav organickej chémie, katalýzy a petrochémie  |T FCHPT Oddelenie organickej chémie  |X 110750  |U C8140  |Y 124  |7 110750 
242 0 1 |a Fluorinated quinolones - their preparation, antibacterial and antivirotic propertieserties exploitable in cosmetics or food industry  |y eng 
245 1 0 |a Fluórované chinolóny - ich príprava, antibakteriálne a antivirotické vlastnosti s potenciálnym použitím v kozmetike alebo potravinárstve 
260 |c 2023 
650 4 |a fluórované chinolóny  |2 slo 
650 4 |a kynurénová kyselina  |2 slo 
650 4 |a konzervanty v kozmetike  |2 slo 
650 4 |a kynurénová dráha  |2 slo 
650 4 |a biologické účinky  |2 slo 
650 4 |a fluoroquinolones  |2 eng 
650 4 |a kynurenic acid  |2 eng 
650 4 |a preservatives in cosmetic products  |2 eng 
650 4 |a kynurenic pathway  |2 eng 
650 4 |a biological effect  |2 eng 
700 1 |a Milata, Viktor  |u 048000  |k Z1  |4 ths  |U FCHPT Fakulta chemickej a potravinárskej technológie  |T FCHPT Ústav organickej chémie, katalýzy a petrochémie  |X 3353  |U C8000  |Y 106  |7 A000003353 
856 4 |u http://is.stuba.sk/zp/portal_zp.pl?podrobnosti=162601